| 000 | 01357nam a2200265 a 4500 | ||
|---|---|---|---|
| 001 | 000017099 | ||
| 003 | DO-SdBNP | ||
| 005 | 20240513183244.0 | ||
| 007 | ta | ||
| 008 | 100317e1977 sp a b 001 0 spa d | ||
| 040 |
_aDO-SdBNP _bspa _cBNPHU |
||
| 082 | 4 |
_a372.6 _bL566p _222 |
|
| 245 | 0 | 0 |
_aLenguaje 1er. curso, educación primaria / _b revisión técnica Margarita Vallejo de Paredes |
| 260 |
_aSanto Domingo : _bEdyca, _c1977. |
||
| 300 |
_a158 p. : _bil. ; _c28 cm. |
||
| 500 | _aEl material didáctico para los dos primeros cursos de Educación Primaria (Libros del alumno, cuadernos y guías para el maestro) ha sido creado en el Departamento de Investigaciones Educativas de EDYCA - Editorial Dominicana y del Caribe - utilizando las experiencias, materiales y asesoramiento desarrollados por Educación Santillana en España y Latinoamérica, por el siguiente equipo: Ernestina Grullon, Luisa Maria Altagracia, Argentina Bejaran de Rodriguez, Germecinda LLaverias Colon, Celia Moyano, Ana Silvente. | ||
| 505 | 2 | _aGuía para el maestro | |
| 590 | _aInventariado, 2012 / DG | ||
| 650 | 4 |
_aEspañol _xEnseñanza básica _936379 |
|
| 650 | 4 |
_aEspañol _xEnseñanza elemental _980031 |
|
| 650 | 4 |
_aEspañol _xLibros textos _980032 |
|
| 650 | 0 |
_aEducación primaria _91420 |
|
| 910 | _aD/G/Validado. Control de calidad MFF | ||
| 942 |
_2ddc _cLBS1 |
||
| 999 |
_c16625 _d16625 |
||